Halsey - All Songs: Albums - Statistics

General Stats
  • This quiz has been taken 75 times
  • The average score is 56 of 88
Answer Stats
Answer % Correct
Manic Finally // beautiful stranger
100%
BADLANDS Colors
88%
Manic Ashley
84%
BADLANDS Castle
84%
BADLANDS New Americana
84%
hopeless fountain kingdom Bad At Love
81%
Manic clementine
81%
Room 93 Ghost
81%
BADLANDS Ghost
81%
Manic Without Me
81%
The Great Impersonator Ego
78%
Manic Graveyard
78%
If I Can’t Have Love, I Want Power I am not a woman, I’m a god
78%
The Great Impersonator The Great Impersonator
75%
If I Can’t Have Love, I Want Power The Tradition
75%
hopeless fountain kingdom 100 Letters
72%
If I Can’t Have Love, I Want Power Bells in Santa Fe
72%
BADLANDS Drive
72%
Room 93 Hurricane
72%
BADLANDS Hurricane
72%
The Great Impersonator Lonely is the Muse
72%
The Great Impersonator Lucky
72%
hopeless fountain kingdom Walls Could Talk
72%
Manic You should be sad
72%
Manic 3am
69%
BADLANDS Control
69%
Room 93 Empty Gold
69%
BADLANDS Hold Me Down
69%
hopeless fountain kingdom Hopeless
69%
BADLANDS I Walk The Line
69%
If I Can’t Have Love, I Want Power Nightmare
69%
hopeless fountain kingdom Strangers
69%
If I Can’t Have Love, I Want Power The Lighthouse
69%
BADLANDS Colors pt.II
66%
The Great Impersonator Dog Years
66%
Manic Dominic’s Interlude
66%
BADLANDS Gasoline
66%
If I Can’t Have Love, I Want Power Girl is a Gun
66%
hopeless fountain kingdom Lie
66%
If I Can’t Have Love, I Want Power Lilith
66%
BADLANDS Roman Holiday
66%
hopeless fountain kingdom The Prologue
66%
Manic 929
63%
Manic Alanis’ Interlude
63%
hopeless fountain kingdom Alone
63%
If I Can’t Have Love, I Want Power Darling
63%
If I Can’t Have Love, I Want Power Easier than Lying
63%
The Great Impersonator Letter to God (1983)
63%
Manic SUGA’s Interlude
63%
BADLANDS Young God
63%
If I Can’t Have Love, I Want Power 1121
59%
hopeless fountain kingdom Angel On Fire
59%
The Great Impersonator Darwinism
59%
Room 93 Is There Somewhere
59%
Manic killing boys
59%
The Great Impersonator Letter to God (1974)
59%
The Great Impersonator Letter to God (1998)
59%
The Great Impersonator Panic Attack
59%
hopeless fountain kingdom Sorry
59%
If I Can’t Have Love, I Want Power Ya’aburnee
59%
hopeless fountain kingdom Devil In Me
56%
BADLANDS Haunting
56%
If I Can’t Have Love, I Want Power honey
56%
The Great Impersonator I Believe in Magic
56%
If I Can’t Have Love, I Want Power People disappear here
56%
The Great Impersonator Alice of the Upper Class
53%
The Great Impersonator Arsonist
53%
BADLANDS Coming Down
53%
hopeless fountain kingdom Heaven in Hiding
53%
Manic I HATE EVERYBODY
53%
The Great Impersonator I Never Loved You
53%
Manic More
53%
The Great Impersonator Only Living Girl in LA
53%
The Great Impersonator The End
53%
If I Can’t Have Love, I Want Power You asked for this
53%
hopeless fountain kingdom Eyes Closed
50%
Manic Forever…(is a long time)
50%
hopeless fountain kingdom Good Mourning
50%
The Great Impersonator Hometown
50%
The Great Impersonator Hurt Feelings
50%
BADLANDS Strange Love
50%
hopeless fountain kingdom Now Or Never
47%
Manic Still Learning
47%
If I Can’t Have Love, I Want Power Whispers
47%
hopeless fountain kingdom Don’t Play
44%
The Great Impersonator Life of the Spider (Draft)
44%
If I Can’t Have Love, I Want Power Nightmare - Reprise
44%
Room 93 Trouble - Stripped
28%
No matching quizzes found
Score Distribution
Percent of People with Each Score
Percentile by Number Answered
Your Score History
You have not taken this quiz